000 00895nam a22002532a 4500
001 25217
003 BD-RjUL
005 20211209050840.0
008 140316s1947 enk 000 0 eng d
035 _a(BD-RjUL)25286
_aOCLC ocm02496762 from D951113M
040 _aDLC
_cIBS
_dEQO
_dBD-RjUL
_beng
041 1 _aengfre
082 0 4 _223
_a297.61
_bALF 1947
245 0 3 _aal-Fakhri :
_bon the systems of government and the Moslem dynasties, composed by Muhammad son of 'Ali son of Tabataba, known as the rapid talker, may God have mercy on him. /
_cTr. by C. É. J. Whitting
260 _aLondon :
_bLuzac,
_c1947.
300 _avii, 326 p. ;
_c22 cm.
650 0 _aCaliphate
_977563
650 0 _aPolitical science
_977564
651 0 _aIslamic countries
_977565
651 0 _aBaghdad (Iraq)
_xHistory
_977566
700 _aWhitting, C. E. J.
_9166847
942 _2ddc
_cBK
999 _c25217
_d25217